| 000 -CABECERA |
| Longitud fija campo de control |
00865nam a22001937a 4500 |
| 003 - IDENTIFICADOR DEL NÚMERO DE CONTROL |
| Identificador del número de control |
OSt |
| 005 - FECHA Y HORA DE LA ÚLTIMA TRANSACCIÓN |
| Fecha y hora de la última transacción |
20151026133603.0 |
| 008 - CÓDIGOS DE INFORMACIÓN DE LONGITUD FIJA |
| Códigos de información de longitud fija |
130715s2012 sp ||||| |||| 00| 0 spa d |
| 040 ## - FUENTE DE LA CATALOGACIÓN |
| Centro transcriptor |
CDMR |
| 100 1# - PUNTO DE ACCESO PRINCIPAL-NOMBRE DE PERSONA |
| 9 (RLIN) |
3949 |
| Nombre de persona |
Vargas Liñán, María Belén |
| 245 13 - MENCIÓN DE TÍTULO |
| Título |
La música en la prensa española (1833-1874) |
| Resto del título |
: fuentes y metodología, estudio a través de las publicaciones periódicas de Granada |
| Mención de responsabilidad, etc. |
María Belén Vargas Liñán ; director Francisco José Giménez Rodríguez |
| Medio |
[recurs electrònic] |
| 260 ## - PUBLICACIÓN, DISTRIBUCIÓN, ETC. (PIE DE IMPRENTA) |
| Fecha de publicación, distribución, etc. |
2013 |
| Lugar de publicación, distribución, etc. |
Granada |
| 502 ## - NOTA DE TESIS |
| Nota de tesis |
Tesi doctoral defensada el 17 de juliol de 2012 |
| Nombre de la institución que otorga el tí,tulo |
Universidad de Granada |
| 650 04 - PUNTO DE ACCESO ADICIONAL DE MATERIA - TÉRMINO DE MATERIA |
| 9 (RLIN) |
2994 |
| Término de materia o nombre geográfico como elemento inicial |
Tesis i dissertacions acadèmiques |
| 700 1# - PUNTO DE ACCESO ADICIONAL - NOMBRE DE PERSONA |
| 9 (RLIN) |
3948 |
| Nombre de persona |
Giménez Rodríguez, Francisco José |
| 710 2# - PUNTO DE ACCESO ADICIONAL - NOMBRE DE ENTIDAD |
| 9 (RLIN) |
3947 |
| Nombre de entidad o nombre de jurisdicción como elemento inicial |
Universidad de Granada |
| 856 40 - LOCALIZACIÓN Y ACCESO ELECTRÓNICO |
| Identificador Uniforme del Recurso (URI) |
<a href="http://digibug.ugr.es/handle/10481/23756">http://digibug.ugr.es/handle/10481/23756</a> |
| Texto del enlace |
Disponible en línia (UGr) |
| 942 ## - ENTRADA DE ELEMENTOS AGREGADOS (KOHA) |
| Fuente de clasificaión o esquema |
|
| Koha [por defecto] tipo de item |
Tesines en línia |